NFL teams all time running backs - Statistics

General Stats
  • This quiz has been taken 37 times
  • The average score is 33 of 85
Answer Stats
Hint Answer % Correct
Titans RB Derrick Henry
90%
cowboys RB Emmitt smith
83%
Lions RB barry sanders
72%
Browns FB jim brown
66%
Chargers RB ladanian tomlinson
66%
seahawks RB marshawn lynch
66%
packers RB aaron jones
62%
Vikings RB adrian peterson
62%
titans RB chris johnson
62%
rams RB Steven jackson
62%
Bears RB walter payton
62%
Cardinals RB david johnson
59%
Cowboys RB ezekiel elliot
59%
49ers RB frank gore
59%
eagles RB saquan barkley
59%
Giants RB saquan Barkley
59%
colts RB eric dickerson
55%
rams RB eric dickerson
55%
steelers RB franco harris
55%
colts RB Marshall faulk
55%
Rams RB marshall faulk
55%
bills RB o.j. Simpson
55%
Dolphins RB ricky williams
55%
Steelers RB jerome bettis
52%
eagles RB lesean mccoy
52%
raiders RB marcus allen
52%
saints RB alvin kamara
48%
Ravens RB jamal lewis
48%
jags RB maurice jones-drew
48%
seahawks RB shaun alexander
48%
bills RB thurman thomas
48%
texans RB arian foster
45%
Patriots RB curtis martin
45%
Jets RB curtis martin
45%
titans RB earl campbell
45%
colts RB edgerrin james
45%
jags RB fred taylor
45%
chiefs RB jamal charles
45%
Packers RB jim Taylor
45%
broncos RB terrell davis
45%
chiefs RB priest holmes
41%
saints RB reggie bush
41%
vikings RB dalvin cook
38%
titans RB Eddie george
38%
raiders RB josh jacobs
38%
packers RB Ahman green
34%
Chiefs FB christian okoye
34%
lions RB doak walker
34%
steelers RB leveon bell
34%
Browns RB nuck chubb
34%
Giants RB tiki barber
34%
rams RB todd gurley
34%
Cowboys RB tony Dorset
34%
Bengals RB corey dillon
31%
Redskins RB john riggins
31%
bucaneers FB mike alstott
31%
cardinals RB otis Anderson
31%
cowboys RB demarco murray
28%
bears RB gale sayers
28%
Patriots RB james white
28%
Dolphins RB larry csonka
28%
Ravens RB mark ingram
28%
bears RB matt forte
28%
jags RB leonard Fournette
24%
Browns RB peyton hillis
24%
49ers RB roger craig
24%
Dolphins RB mercury morris
21%
falcons RB michael turner
21%
Bucaneers RB warrick dunn
17%
Lions RB billy simms
14%
Raiders RB derrin mcfadden
14%
Saints RB deuce mccallister
14%
Eagles RB ricky watters
14%
Eagles RB steve van buren
14%
bears FB bronko nagurski
10%
Seahawks RB curt warner
10%
colts TB lenny moore
10%
chargers FB lorenzo neal
10%
Packers RB paul hornung
10%
bears FB red grange
10%
49ers RB christian mccafferey
7%
Panthers RB christian mccafferey
7%
Browns FB marion motley
7%
broncos RB otis armstrong
7%
Falcons RB john steele
3%
No matching quizzes found
Score Distribution
Percent of People with Each Score
Percentile by Number Answered
Your Score History
You have not taken this quiz